<?xml version='1.0' encoding='UTF-8'?>
  <record xmlns="http://www.loc.gov/MARC21/slim">
    <leader>00000cam a2200000 i 4500</leader>
    <controlfield tag="001">ocn901222482</controlfield>
    <controlfield tag="003">OCoLC</controlfield>
    <controlfield tag="005">20260216075536.4</controlfield>
    <controlfield tag="008">150127s1474    it            000 0 lat d</controlfield>
    <datafield tag="040" ind1=" " ind2=" ">
      <subfield code="a">NLGGC</subfield>
      <subfield code="b">eng</subfield>
      <subfield code="e">rda</subfield>
      <subfield code="e">dcrmr</subfield>
      <subfield code="c">NLGGC</subfield>
      <subfield code="d">OCLCL</subfield>
      <subfield code="d">OCLCQ</subfield>
      <subfield code="d">QGJ</subfield>
    </datafield>
    <datafield tag="029" ind1="0" ind2=" ">
      <subfield code="a">NLGGC</subfield>
      <subfield code="b">388319631</subfield>
    </datafield>
    <datafield tag="035" ind1=" " ind2=" ">
      <subfield code="a">(OCoLC)901222482</subfield>
    </datafield>
    <datafield tag="100" ind1="1" ind2=" ">
      <subfield code="a">Calderino, Domizio,</subfield>
      <subfield code="d">1447-1478,</subfield>
      <subfield code="e">author.</subfield>
      <subfield code="4">aut</subfield>
      <subfield code="1">https://id.oclc.org/worldcat/entity/E39PBJcGrktdtcm8CXv3dXgBT3</subfield>
    </datafield>
    <datafield tag="240" ind1="1" ind2="0">
      <subfield code="a">Commentarii in Martialem</subfield>
    </datafield>
    <datafield tag="245" ind1="1" ind2="0">
      <subfield code="a">Domitij Calderini Veronensis Commentarij in. M. Valerium Martialem ad clarissimum virum Laurentium Medicen Florentinum Cosmi Medicis f.</subfield>
    </datafield>
    <datafield tag="246" ind1="3" ind2=" ">
      <subfield code="a">Commentarij in. M. Valerium Martialem</subfield>
    </datafield>
    <datafield tag="246" ind1="1" ind2=" ">
      <subfield code="i">Title according to IDL:</subfield>
      <subfield code="a">Commentarius in Martialem</subfield>
    </datafield>
    <datafield tag="264" ind1=" " ind2="1">
      <subfield code="a">Rome :</subfield>
      <subfield code="b">per magistrum Iohannem gensberg auspicio et fauore excellenti[s] domini iohannis Aloisii tuscani,</subfield>
      <subfield code="c">M.cccc.lxxiiii. die vero martis. xxii mensis. martii [22 Mar. 1474]</subfield>
    </datafield>
    <datafield tag="300" ind1=" " ind2=" ">
      <subfield code="a">[316] leaves ;</subfield>
      <subfield code="c">29 cm (4to)</subfield>
    </datafield>
    <datafield tag="336" ind1=" " ind2=" ">
      <subfield code="a">text</subfield>
      <subfield code="b">txt</subfield>
      <subfield code="2">rdacontent</subfield>
    </datafield>
    <datafield tag="337" ind1=" " ind2=" ">
      <subfield code="a">unmediated</subfield>
      <subfield code="b">n</subfield>
      <subfield code="2">rdamedia</subfield>
    </datafield>
    <datafield tag="338" ind1=" " ind2=" ">
      <subfield code="a">volume</subfield>
      <subfield code="b">nc</subfield>
      <subfield code="2">rdacarrier</subfield>
    </datafield>
    <datafield tag="340" ind1=" " ind2=" ">
      <subfield code="m">4to</subfield>
      <subfield code="2">rdabf</subfield>
    </datafield>
    <datafield tag="500" ind1=" " ind2=" ">
      <subfield code="a">Title from caption of letter of dedication by Domizio Calderino to Lorenzo de' Medici (leaf [4] recto).</subfield>
    </datafield>
    <datafield tag="500" ind1=" " ind2=" ">
      <subfield code="a">Publication statement from colophon (leaf [315] verso, which reads: Domitii calderini ueronensis commentarii. in. M. Valerium martialem. cum defensione finiunt. Impressi rome per magistrum Iohannem gensberg auspicio et fauore excellenti[s] domini iohannis Aloisii tuscani de mediolani co[n]cistorialis. a[n]no salutis. M.cccc.lxxiiii. die vero martis. xxii. mensis. martii sedente sixto. iiii. pontifice maximo.</subfield>
    </datafield>
    <datafield tag="500" ind1=" " ind2=" ">
      <subfield code="a">Book format (in quarto) from ISTC (chainlines horizontal); book format according to GW and IDL: in folio.</subfield>
    </datafield>
    <datafield tag="500" ind1=" " ind2=" ">
      <subfield code="a">Leaf [2] recto: letter of dedication by Domizio Calderino to Gianfrancesco Gonzaga, with first line: dOmitius calderinus Iohanni francisco Lodouici principis mantuani filio Salutem. Non fuissent tot exemplis editi commentarii nostri ....</subfield>
    </datafield>
    <datafield tag="500" ind1=" " ind2=" ">
      <subfield code="a">Contains also a vita of Martialis (leaf [7] recto), with caption: Vita Martialis in commentarios quos Domitius Calderinus edidit.</subfield>
    </datafield>
    <datafield tag="500" ind1=" " ind2=" ">
      <subfield code="a">First line main work (leaf [10] recto: bARBARA Pyramidum. Hoc primo epigra[m]mate assentatur Domitiano ...</subfield>
    </datafield>
    <datafield tag="500" ind1=" " ind2=" ">
      <subfield code="a">Contains also (leaf [309] recto-[315] verso: a defence, addressed to Corelius Carafa against Niccolò Perotti, with caption: Domitii calderini ueronensis defensio cum recriminatione in calu[m]niatorem comme[n]tarioru[m] in martiale[m] quos no[n]du[m] ediderat ad coreliu[m] p[at]ris a[m]plissimi cardinal[is] neapolita[n]i nepote[m]</subfield>
    </datafield>
    <datafield tag="500" ind1=" " ind2=" ">
      <subfield code="a">Leaf [316] recto: epigram in elegiac distichs by Marco Lucido Fazini, also known as Marcus Lucidus Phosphorus, with caption: M. Lucidi phospho[ri] Epigramma; and first two lines: Quidquis amat lepidum Vatem latiasq[ue] camenas // Et uitam et mores noscere quisquis amat</subfield>
    </datafield>
    <datafield tag="500" ind1=" " ind2=" ">
      <subfield code="a">Capital spaces with guide letters.</subfield>
    </datafield>
    <datafield tag="500" ind1=" " ind2=" ">
      <subfield code="a">Signatures: [a⁸ b¹⁰ c⁸ d-z¹⁰ A-I¹⁰]; leaves [a]1 and are [b]1 blank.</subfield>
    </datafield>
    <datafield tag="510" ind1="4" ind2=" ">
      <subfield code="a">Incunabula short title catalogue (ISTC),</subfield>
      <subfield code="c">ic00036000</subfield>
      <subfield code="u">https://data.cerl.org/istc/ic00036000</subfield>
    </datafield>
    <datafield tag="510" ind1="4" ind2=" ">
      <subfield code="a">Gesamtkatalog der Wiegendrucke,</subfield>
      <subfield code="c">05887</subfield>
      <subfield code="u">https://www.gesamtkatalogderwiegendrucke.de/docs/GW05887.htm</subfield>
    </datafield>
    <datafield tag="510" ind1="4" ind2=" ">
      <subfield code="a">Incunabula in Dutch Libraries,</subfield>
      <subfield code="c">1109</subfield>
    </datafield>
    <datafield tag="510" ind1="4" ind2=" ">
      <subfield code="a">Typenrepertorium der Wiegendrucke,</subfield>
      <subfield code="c">ma09699</subfield>
      <subfield code="u">https://tw.staatsbibliothek-berlin.de/ma09699</subfield>
    </datafield>
    <datafield tag="546" ind1=" " ind2=" ">
      <subfield code="b">Typeface: 1:100R</subfield>
    </datafield>
    <datafield tag="600" ind1="0" ind2="0">
      <subfield code="a">Martial.</subfield>
      <subfield code="t">Epigrammata</subfield>
      <subfield code="v">Commentaries</subfield>
      <subfield code="v">Early works to 1800.</subfield>
    </datafield>
    <datafield tag="600" ind1="1" ind2="0">
      <subfield code="a">Perotti, Niccolò,</subfield>
      <subfield code="d">1430-1480.</subfield>
    </datafield>
    <datafield tag="650" ind1=" " ind2="0">
      <subfield code="a">Epigrams, Latin</subfield>
      <subfield code="x">History and criticism</subfield>
      <subfield code="v">Early works to 1800.</subfield>
    </datafield>
    <datafield tag="650" ind1=" " ind2="6">
      <subfield code="a">Épigrammes latines</subfield>
      <subfield code="x">Histoire et critique</subfield>
      <subfield code="v">Ouvrages avant 1800.</subfield>
    </datafield>
    <datafield tag="630" ind1="0" ind2="7">
      <subfield code="a">Epigrammata (Martial)</subfield>
      <subfield code="2">fast</subfield>
    </datafield>
    <datafield tag="650" ind1=" " ind2="7">
      <subfield code="a">Incunabula</subfield>
      <subfield code="2">fast</subfield>
    </datafield>
    <datafield tag="655" ind1=" " ind2="2">
      <subfield code="a">Incunabula</subfield>
    </datafield>
    <datafield tag="655" ind1=" " ind2="7">
      <subfield code="a">incunabula (books)</subfield>
      <subfield code="2">aat</subfield>
    </datafield>
    <datafield tag="655" ind1=" " ind2="7">
      <subfield code="a">Incunables.</subfield>
      <subfield code="2">rvmgf</subfield>
    </datafield>
    <datafield tag="700" ind1="1" ind2=" ">
      <subfield code="a">Perotti, Niccolò,</subfield>
      <subfield code="d">1430-1480.</subfield>
      <subfield code="1">https://id.oclc.org/worldcat/entity/E39PBJcKMxvFM8Jdp3PXVqcVmd</subfield>
    </datafield>
    <datafield tag="700" ind1="1" ind2=" ">
      <subfield code="a">Gensberg, Johannes,</subfield>
      <subfield code="d">active 1473-1476,</subfield>
      <subfield code="e">printer.</subfield>
      <subfield code="4">prt</subfield>
      <subfield code="1">https://id.oclc.org/worldcat/entity/E39PCjyjRVDkwgRKcMvCfrDCkP</subfield>
    </datafield>
    <datafield tag="700" ind1="1" ind2=" ">
      <subfield code="a">Tuscanus, Johannes Aloisius,</subfield>
      <subfield code="d">-1478,</subfield>
      <subfield code="e">publisher.</subfield>
      <subfield code="4">pbl</subfield>
    </datafield>
    <datafield tag="700" ind1="0" ind2=" ">
      <subfield code="a">Gonzaga, Gianfrancesco,</subfield>
      <subfield code="d">1446-1496,</subfield>
      <subfield code="e">dedicatee.</subfield>
      <subfield code="4">dte</subfield>
    </datafield>
    <datafield tag="700" ind1="1" ind2=" ">
      <subfield code="a">Medici, Lorenzo de',</subfield>
      <subfield code="d">1449-1492,</subfield>
      <subfield code="e">dedicatee.</subfield>
      <subfield code="4">dte</subfield>
      <subfield code="1">https://id.oclc.org/worldcat/entity/E39PBJhdd9T38BYxGbKhxw97HC</subfield>
    </datafield>
    <datafield tag="700" ind1="1" ind2=" ">
      <subfield code="a">Carafa, Corelius,</subfield>
      <subfield code="e">dedicatee.</subfield>
      <subfield code="4">dte</subfield>
    </datafield>
    <datafield tag="700" ind1="1" ind2=" ">
      <subfield code="a">Fazini, Marco Lucido,</subfield>
      <subfield code="d">-1503,</subfield>
      <subfield code="e">contributor.</subfield>
      <subfield code="4">ctb</subfield>
      <subfield code="1">https://id.oclc.org/worldcat/entity/E39PCjByvqYMyXtBXCD9xTd6Vd</subfield>
    </datafield>
    <datafield tag="752" ind1=" " ind2=" ">
      <subfield code="a">Italy</subfield>
      <subfield code="d">Rome,</subfield>
      <subfield code="e">publication place.</subfield>
      <subfield code="4">pup</subfield>
    </datafield>
    <datafield tag="758" ind1=" " ind2=" ">
      <subfield code="a">Commentarii in Martialem (Text)</subfield>
      <subfield code="1">https://id.oclc.org/worldcat/entity/E39PCH4d3Mj4w4wFX8YRwt9vH3</subfield>
      <subfield code="4">https://id.oclc.org/worldcat/ontology/hasWork</subfield>
    </datafield>
    <datafield tag="936" ind1=" " ind2=" ">
      <subfield code="a">BATCHLOAD</subfield>
    </datafield>
  </record>